000 01076nam0a22002531 4500
001 rc\483130
005 20250621102250.0
035 _a(NLR Aleph) 005725847
090 _a7527504
_c7527504
100 _a20030616d1987 |||y0rusy50 ca
101 0 _arus
102 _aRU
105 _ay |||||||||
200 1 _aОт берегов Босфора до берегов Евфрата
_e[Сб. прозаич. и стихотвор. текстов, создан. на сирийс., коптском и греч. яз. в I тысячелетии н. э.
_fОтв. ред. Д.С. Лихачев
_gПер., предисл., с. 5-49, и коммент. С.С. Аверинцева]
210 _aМ.
_cНаука
_d1987
215 _a360 с.
_d21
320 _aБиблиогр. в примеч.: с. 49-52
702 1 _aЛихачев
_bД.С.
_gДмитрий Сергеевич
_4340
702 1 _aАверинцев
_bС.С.
_gСергей Сергеевич
_4730
801 0 _aRU
_bNLR
_gpsbo
801 1 _aRU
_bELAR
_2rusmarc
852 _aNLR
_j87-3/10890
942 _cBOOK
980 _aNB